LEADER 00869cam0-22003131i-450- 001 990007424560403321 005 20070906110217.0 010 $a88-365-2446-X 035 $a000742456 035 $aFED01000742456 035 $a(Aleph)000742456FED01 035 $a000742456 100 $a20030505d2002----km-y0itay50------ba 101 0 $aita 102 $aIT 105 $aa-------001yy 200 1 $aAgriturismo e vacanze in campagna$eguida Touring$fTouring club italiano 210 $aMilano$cTCI$d2002 215 $a670 p.$cill.$d23 cm 610 0 $aTurismo rurale$aItalia 676 $a796.56$v21$zita 710 02$aTouring club italiano$05623 801 0$aIT$bUNINA$gRICA$2UNIMARC 901 $aBK 912 $a990007424560403321 952 $aVII A 707$b38511$fFSPBC 959 $aFSPBC 996 $aAgriturismo e vacanze in campagna$9677901 997 $aUNINA LEADER 01237nam 2200421 450 001 9910795038003321 005 20200520144314.0 010 $a1-5275-0983-4 035 $a(CKB)4340000000265288 035 $a(MiAaPQ)EBC5351342 035 $a(Au-PeEL)EBL5351342 035 $a(CaPaEBR)ebr11547042 035 $a(OCoLC)1032000878 035 $a(PPN)233189238 035 $a(EXLCZ)994340000000265288 100 $a20180622d2017 uy 0 101 0 $aeng 135 $aurcnu|||||||| 181 $ctxt$2rdacontent 182 $cc$2rdamedia 183 $acr$2rdacarrier 200 00$aSamuel Beckett and Europe $ehistory, culture, tradition /$fedited by Michela Bariselli, Niamh M. Bowe, and William Davies 210 1$aNewcastle upon Tyne :$cCambridge Scholars Publishing,$d[2017] 210 4$dİ2017 215 $a1 online resource (193 pages) 311 $a1-4438-9630-6 607 $aEurope$xIn literature 676 $a809.93324 702 $aBariselli$b Michela 702 $aBowe$b Niamh M. 702 $aDavies$b William 801 0$bMiAaPQ 801 1$bMiAaPQ 801 2$bMiAaPQ 906 $aBOOK 912 $a9910795038003321 996 $aSamuel Beckett and Europe$93683243 997 $aUNINA